[Event "Olomouc Chess Summer 2012 - Valoz Cup"]
[Site "Olomouc (CZE), Hotel Flora"]
[Date "2012.08.07"]
[Round "8.1"]
[White "Givon, Asaf"]
[Black "Simantsev, Mikhail"]
[Result "1-0"]
[WhiteElo "2340"]
[BlackElo "2526"]
[PlyCount "55"]
[EventDate "2012.08.01"]

1. e4 e5 2. Nf3 Nc6 3. Bb5 Nge7 4. c3 Ng6 5. d4 exd4 6. cxd4 Bb4+ 7. Nc3 O-O 8.
O-O Bxc3 9. bxc3 d6 10. h3 Bd7 11. Bd3 h6 12. Rb1 b6 13. Nh2 f5 14. Qh5 Qf6 15.
f4 Qh4 16. Qf3 Qf6 17. g4 fxe4 18. Bxe4 Nge7 19. f5 Rae8 20. Bf4 Na5 21. Rbe1
Bc6 22. Re2 Bb5 23. Bd5+ Kh8 24. Re6 Qh4 25. Be4 Bxf1 26. Nxf1 Nc4 27. Kg2 g5
28. Bg3 1-0

[Event "Olomouc Chess Summer 2012 - Valoz Cup"]
[Site "Olomouc (CZE), Hotel Flora"]
[Date "2012.08.07"]
[Round "8.2"]
[White "Steinberg, Nitzan"]
[Black "Chernyshov, Konstantin"]
[Result "1/2-1/2"]
[WhiteElo "2343"]
[BlackElo "2534"]
[PlyCount "120"]
[EventDate "2012.08.01"]

1. e4 e6 2. d4 d5 3. Nc3 dxe4 4. Nxe4 Bd7 5. Nf3 Bc6 6. Bd3 Nd7 7. O-O Ngf6 8.
Neg5 Bd6 9. Re1 h6 10. Nh3 Bxf3 11. Qxf3 c6 12. Nf4 O-O 13. Bc4 Nd5 14. Ne2 Qc7
15. Ng3 Rae8 16. Bd2 Bf4 17. Bxf4 Nxf4 18. Re4 Nd5 19. Rae1 N7f6 20. R4e2 Rd8
21. c3 Qf4 22. Qxf4 Nxf4 23. Re5 b6 24. a4 Rb8 25. Ra1 Rfd8 26. Nf1 Kf8 27. Nd2
N4d5 28. Nb3 a5 29. g3 Ne8 30. Kg2 Nd6 31. Bf1 Nf6 32. Rd1 Rbc8 33. Re2 Rc7 34.
Kf3 Ke7 35. Red2 Nde4 36. Rd3 Rcd7 37. Kg2 g5 38. h3 Nd6 39. R3d2 Nfe4 40. Re2
Rc7 41. c4 Nf6 42. c5 bxc5 43. dxc5 Nb7 44. Rxd8 Nxd8 45. Nxa5 Ra7 46. b4 Nd5
47. Rb2 Nxb4 48. Nc4 Nd5 49. a5 f6 50. Rb8 Nc7 51. Nd6 Kd7 52. Bc4 Na6 53. Bxa6
Rxa6 54. Nc4 Ra7 55. Nb6+ Ke8 56. Nc8 Ra6 57. Nd6+ Kd7 58. Nc4 Ra7 59. Nb6+ Ke8
60. Nc8 Ra6 1/2-1/2

[Event "Olomouc Chess Summer 2012 - Valoz Cup"]
[Site "Olomouc (CZE), Hotel Flora"]
[Date "2012.08.07"]
[Round "8.3"]
[White "Bae, Torstein"]
[Black "Biolek, Richard"]
[Result "1/2-1/2"]
[WhiteElo "2420"]
[BlackElo "2409"]
[PlyCount "43"]
[EventDate "2012.08.01"]

1. e4 Nc6 2. Nf3 e5 3. Bb5 f5 4. d3 fxe4 5. dxe4 Nf6 6. O-O Bc5 7. Qd3 Qe7 8.
Nc3 O-O 9. Nd5 Nxd5 10. Qxd5+ Kh8 11. Bg5 Qd6 12. Qxd6 Bxd6 13. Be3 a6 14. Be2
Be7 15. c3 d6 16. Nd2 Be6 17. b4 Nd8 18. f3 Bc8 19. Nc4 Ne6 20. g3 Ng5 21. Bf2
Ne6 22. Be1 1/2-1/2

[Event "Olomouc Chess Summer 2012 - Valoz Cup"]
[Site "Olomouc (CZE), Hotel Flora"]
[Date "2012.08.07"]
[Round "8.4"]
[White "Duda, Jan-Krzysztof"]
[Black "Bures, Jaroslav"]
[Result "1-0"]
[WhiteElo "2411"]
[BlackElo "2392"]
[PlyCount "69"]
[EventDate "2012.08.01"]

1. e4 c6 2. d4 d5 3. e5 Bf5 4. c4 e6 5. Nc3 Nd7 6. a3 Ne7 7. c5 f6 8. f4 b6 9.
b4 a5 10. Be3 fxe5 11. fxe5 axb4 12. axb4 Rxa1 13. Qxa1 Nxe5 14. dxe5 d4 15.
Nb5 Nd5 16. Bd2 Qh4+ 17. Kd1 Bg4+ 18. Nf3 Bxf3+ 19. gxf3 cxb5 20. Bxb5+ Kf7 21.
Qa8 Nc7 22. Qb7 Be7 23. Qxc7 d3 24. cxb6 Qf2 25. Bc6 Qd4 26. Be4 Qa1+ 27. Qc1
Qa4+ 28. Ke1 Rc8 29. Qxc8 Bh4+ 30. Kf1 Qd1+ 31. Kg2 Qxd2+ 32. Kh3 Qh6 33. Rd1
d2 34. Qd7+ Kf8 35. Kg2 1-0

[Event "Olomouc Chess Summer 2012 - Valoz Cup"]
[Site "Olomouc (CZE), Hotel Flora"]
[Date "2012.08.07"]
[Round "8.6"]
[White "Krejci, Jan"]
[Black "Ben Artzi, Ido"]
[Result "1/2-1/2"]
[WhiteElo "2503"]
[BlackElo "2268"]
[PlyCount "114"]
[EventDate "2012.08.01"]

1. e4 e5 2. Nf3 Nc6 3. Bb5 a6 4. Ba4 Nf6 5. O-O Be7 6. Re1 b5 7. Bb3 d6 8. c3
O-O 9. d4 Bg4 10. Be3 Na5 11. Bc2 c5 12. d5 Bh5 13. h3 Qc7 14. b3 Bg6 15. Nbd2
h6 16. g4 Nb7 17. Nh4 Nh7 18. Nf5 Bg5 19. Nf1 Rfe8 20. h4 Bxe3 21. N1xe3 Qd8
22. Qf3 Bxf5 23. Nxf5 g6 24. Nxh6+ Kg7 25. g5 f6 26. Kg2 Rf8 27. Qg3 fxg5 28.
hxg5 Qxg5 29. Rh1 Qxg3+ 30. fxg3 Nf6 31. Rh4 Rh8 32. Rah1 Rh7 33. g4 Rah8 34.
g5 Ng8 35. Bd3 Nxh6 36. gxh6+ Rxh6 37. Rxh6 Rxh6 38. Rb1 Rh8 39. Bf1 Na5 40. a4
Rb8 41. axb5 axb5 42. b4 Nc4 43. Bxc4 bxc4 44. b5 Kf6 45. Kg3 Ke7 46. Kg4 Kf6
47. b6 Rb7 48. Rb2 g5 49. Rh2 Kg6 50. Rh5 Rxb6 51. Rxg5+ Kf6 52. Rh5 Rb1 53.
Rh6+ Ke7 54. Rh7+ Kf6 55. Rd7 Rg1+ 56. Kh4 Rh1+ 57. Kg4 Rg1+ 1/2-1/2

[Event "Olomouc Chess Summer 2012 - Valoz Cup"]
[Site "Olomouc (CZE), Hotel Flora"]
[Date "2012.08.07"]
[Round "9.2"]
[White "Ponizil, Cyril"]
[Black "Krejci, Jan"]
[Result "1/2-1/2"]
[WhiteElo "2396"]
[BlackElo "2503"]
[PlyCount "24"]
[EventDate "2012.08.01"]

1. d4 d5 2. Nf3 a6 3. Bf4 Nf6 4. e3 Bg4 5. Nbd2 e6 6. h3 Bh5 7. Be2 Bd6 8. Bxd6
cxd6 9. O-O O-O 10. c3 Nc6 11. c4 dxc4 12. Nxc4 d5 1/2-1/2

[Event "Olomouc Chess Summer 2012 - Valoz Cup"]
[Site "Olomouc (CZE), Hotel Flora"]
[Date "2012.08.07"]
[Round "9.3"]
[White "Bures, Jaroslav"]
[Black "Arutinian, David"]
[Result "1/2-1/2"]
[WhiteElo "2392"]
[BlackElo "2558"]
[PlyCount "46"]
[EventDate "2012.08.01"]

1. e4 c6 2. d4 d5 3. Nc3 dxe4 4. Nxe4 Bf5 5. Ng3 Bg6 6. h4 h6 7. Nf3 Nd7 8. h5
Bh7 9. Bd3 Bxd3 10. Qxd3 e6 11. Bd2 Ngf6 12. O-O-O Bd6 13. Ne4 Nxe4 14. Qxe4
Qe7 15. c4 Bc7 16. Bc3 O-O-O 17. Kb1 Rhe8 18. b3 Nf6 19. Qe2 Ng4 20. Ne5 Nxe5
21. dxe5 Qg5 22. g4 Qf4 23. f3 Bb6 1/2-1/2

[Event "Olomouc Chess Summer 2012 - Valoz Cup"]
[Site "Olomouc (CZE), Hotel Flora"]
[Date "2012.08.07"]
[Round "9.5"]
[White "Chernyshov, Konstantin"]
[Black "Bae, Torstein"]
[Result "1-0"]
[WhiteElo "2534"]
[BlackElo "2420"]
[PlyCount "55"]
[EventDate "2012.08.01"]

1. d4 Nf6 2. Bg5 e6 3. e4 c5 4. Bxf6 Qxf6 5. c3 d5 6. e5 Qd8 7. f4 g5 8. Nh3
gxf4 9. Bb5+ Bd7 10. Bxd7+ Nxd7 11. O-O Qb6 12. Rf2 O-O-O 13. Qb3 Qc7 14. Na3
a6 15. Rxf4 f6 16. exf6 Bd6 17. Rf3 Bxh2+ 18. Kh1 Rhg8 19. Re1 Nxf6 20. Rxf6
Rxg2 21. Rfxe6 Bd6 22. Kxg2 Qg7+ 23. Kf1 Rf8+ 24. Nf2 Rxf2+ 25. Kxf2 Qf7+ 26.
Kg2 Qg7+ 27. Kh1 Qg3 28. Qc2 1-0

[Event "Olomouc Chess Summer 2012 - Valoz Cup"]
[Site "Olomouc (CZE), Hotel Flora"]
[Date "2012.08.07"]
[Round "9.6"]
[White "Simantsev, Mikhail"]
[Black "Steinberg, Nitzan"]
[Result "1-0"]
[WhiteElo "2526"]
[BlackElo "2343"]
[PlyCount "86"]
[EventDate "2012.08.01"]

1. d4 Nf6 2. Nf3 d5 3. c4 e6 4. Nc3 Bb4 5. Qa4+ Nc6 6. Bg5 h6 7. Bxf6 Qxf6 8.
e3 O-O 9. Be2 dxc4 10. O-O Qe7 11. Bxc4 Bd7 12. Qc2 Bd6 13. Rfd1 Rfe8 14. Rac1
a6 15. Ne4 Rac8 16. Be2 e5 17. d5 Nb8 18. Nfd2 Bb4 19. Qb3 Bf5 20. Ng3 Bg6 21.
Nc4 Nd7 22. Bg4 Rcd8 23. a3 Nf6 24. Be2 Bc5 25. Qxb7 a5 26. Nxa5 Rb8 27. Qc6
Bd6 28. Qc3 Qd7 29. Nc4 h5 30. f3 h4 31. Nh1 Bc5 32. Nxe5 Rxe5 33. Qxc5 h3 34.
b4 hxg2 35. Nf2 Qe8 36. e4 Ra8 37. Rc3 Rh5 38. Bb5 c6 39. Qxc6 Qb8 40. h3 Kh7
41. a4 Ra7 42. d6 Rd7 43. f4 Qd8 1-0

[Event "Olomouc Chess Summer 2012 - Prima Pack C"]
[Site "Olomouc (CZE), Hotel Flora"]
[Date "2012.08.07"]
[Round "7.1"]
[White "Jurek, Josef"]
[Black "Ptacnikova, Lenka"]
[Result "1/2-1/2"]
[WhiteElo "2318"]
[BlackElo "2281"]
[PlyCount "122"]
[EventDate "2012.08.01"]

1. d4 Nf6 2. c4 e6 3. Nf3 Bb4+ 4. Nbd2 b6 5. g3 Bb7 6. Bg2 Be4 7. O-O Bxd2 8.
Bxd2 d6 9. Bc3 O-O 10. e3 Nbd7 11. Qe2 Qe7 12. Bh3 Rad8 13. Nd2 Bb7 14. e4 e5
15. d5 a5 16. b3 Nc5 17. Bg2 c6 18. Rae1 Rfe8 19. a3 Qc7 20. Rc1 Qb8 21. b4
axb4 22. axb4 Na4 23. Ba1 b5 24. Rfd1 bxc4 25. Nxc4 cxd5 26. exd5 Ba6 27. Qd2
Re7 28. Na5 Qa8 29. Nc6 Ree8 30. f4 Nb6 31. fxe5 dxe5 32. d6 Bb7 33. Nxd8 Rxd8
34. Bxe5 Nfd5 35. Rc5 f6 36. Ra5 Qc8 37. Bxd5+ Nxd5 38. Rxd5 fxe5 39. Rxe5 Qc6
40. Qd5+ Qxd5 41. Rexd5 Bxd5 42. Rxd5 Kf7 43. d7 Ke6 44. Rd4 Rxd7 45. Rxd7 Kxd7
46. Kf2 Kc6 47. Ke3 Kb5 48. Ke4 Kxb4 49. Ke5 Kc4 50. Ke6 Kd4 51. Kf7 g5 52. Kf6
g4 53. Kg5 Ke5 54. Kxg4 Kf6 55. Kh5 Kg7 56. Kg5 Kg8 57. Kf6 Kf8 58. g4 Kg8 59.
g5 Kf8 60. h4 Kg8 61. h5 Kf8 1/2-1/2

[Event "Olomouc Chess Summer 2012 - Prima Pack C"]
[Site "Olomouc (CZE), Hotel Flora"]
[Date "2012.08.07"]
[Round "7.3"]
[White "Bjerke, Silje"]
[Black "Obsivac, Josef"]
[Result "1/2-1/2"]
[WhiteElo "2235"]
[BlackElo "2280"]
[PlyCount "73"]
[EventDate "2012.08.01"]

1. e4 c5 2. Nf3 Nc6 3. d4 cxd4 4. Nxd4 Qb6 5. Nb3 Nf6 6. Nc3 e6 7. Bd3 d6 8.
O-O Be7 9. Be3 Qc7 10. f4 a6 11. Qf3 h5 12. Rae1 Rb8 13. a4 Ng4 14. Bd2 b5 15.
axb5 axb5 16. Kh1 b4 17. Nb5 Qd7 18. N5d4 Nxd4 19. Nxd4 Bf6 20. e5 Bh4 21. Ra1
Bb7 22. Qe2 O-O 23. Nf3 Bxf3 24. Rxf3 g6 25. h3 Nh6 26. exd6 Qxd6 27. f5 Nxf5
28. Bxf5 exf5 29. Bf4 Qc5 30. Bxb8 Rxb8 31. Re3 Kg7 32. c4 bxc3 33. Rxc3 Qb6
34. Rc2 Bf6 35. Rb1 Qb3 36. Rd2 Rb4 37. Qf3 1/2-1/2

[Event "Olomouc Chess Summer 2012 - Prima Pack C"]
[Site "Olomouc (CZE), Hotel Flora"]
[Date "2012.08.07"]
[Round "7.4"]
[White "Saduakassova, Dinara"]
[Black "Chernyshova, Natalia"]
[Result "1-0"]
[WhiteElo "2216"]
[BlackElo "2080"]
[PlyCount "79"]
[EventDate "2012.08.01"]

1. e4 e6 2. d4 d5 3. Nd2 Nf6 4. e5 Nfd7 5. c3 c5 6. Bd3 Nc6 7. Ne2 Qb6 8. Nf3
Be7 9. O-O O-O 10. Nf4 Re8 11. Bc2 Nf8 12. h4 Bd7 13. a3 cxd4 14. cxd4 Rac8 15.
Ra2 Rc7 16. Be3 Na5 17. b3 Rec8 18. Nh5 Rxc2 19. Rxc2 Rxc2 20. Qxc2 Qxb3 21.
Qxb3 Nxb3 22. Rb1 Ba4 23. Nd2 Na5 24. Bg5 Bxg5 25. hxg5 Nd7 26. Nf4 b6 27. Rc1
Nc6 28. Ne2 Bb5 29. f4 Kf8 30. Kf2 Ke7 31. a4 Bxe2 32. Rxc6 Bd1 33. a5 Kd8 34.
Rc1 Ba4 35. axb6 axb6 36. Ke3 Nb8 37. Ra1 b5 38. Nb1 Bb3 39. Nc3 b4 40. Rb1 1-0

[Event "Olomouc Chess Summer 2012 - Prima Pack C"]
[Site "Olomouc (CZE), Hotel Flora"]
[Date "2012.08.07"]
[Round "7.5"]
[White "Biolek, Richard"]
[Black "Villegas, Pierre"]
[Result "1-0"]
[WhiteElo "2446"]
[BlackElo "2249"]
[PlyCount "95"]
[EventDate "2012.08.01"]

1. d4 d5 2. c3 Nf6 3. Bg5 Nbd7 4. Nd2 g6 5. Ngf3 Bg7 6. e3 O-O 7. Bd3 Re8 8.
O-O e5 9. dxe5 Nxe5 10. Nxe5 Rxe5 11. Bh4 c6 12. Qc2 Qb6 13. Bg3 Re8 14. Qb3
Nd7 15. Qxb6 axb6 16. Bc2 Nc5 17. Nf3 Na4 18. Rab1 Nc5 19. a3 b5 20. Nd4 Ne6
21. Rfe1 Bd7 22. Bd6 Bf8 23. Bxf8 Kxf8 24. f3 Re7 25. Kf2 Rae8 26. Nxe6+ Bxe6
27. Bd3 Kg7 28. h4 h5 29. Re2 Kf6 30. Rd1 Bf5 31. Bxf5 Kxf5 32. Rd4 Kf6 33. a4
bxa4 34. Rxa4 Kg7 35. c4 d4 36. e4 c5 37. b4 b6 38. Ra6 Re6 39. Rb2 Rc8 40.
bxc5 bxc5 41. Ra7 Rcc6 42. Rbb7 Rf6 43. Rd7 Rce6 44. Kg3 Re5 45. Rd5 Rfe6 46.
Rc7 Kf6 47. Rcxc5 d3 48. Kf2 1-0

[Event "Olomouc Chess Summer 2012 - Open Olomouc"]
[Site "Olomouc (CZE), Hotel Flora"]
[Date "2012.08.07"]
[Round "7.1"]
[White "Zilka, Stepan"]
[Black "Blahynka, Martin"]
[Result "0-1"]
[WhiteElo "2517"]
[BlackElo "2145"]
[PlyCount "64"]
[EventDate "2012.08.02"]

1. d4 Nf6 2. c4 e6 3. Nc3 Bb4 4. e3 c5 5. Bd3 Nc6 6. Nf3 Bxc3+ 7. bxc3 d6 8.
O-O O-O 9. Nd2 e5 10. Ne4 Bf5 11. Nxc5 e4 12. Nxb7 Qc7 13. Nxd6 Qxd6 14. Be2
Rab8 15. h3 Rfd8 16. Qc2 Na5 17. c5 Qd7 18. Re1 Bxh3 19. gxh3 Qxh3 20. Bf1 Qh4
21. c4 Ng4 22. Bg2 Re8 23. Qe2 Re6 24. Bd2 Rg6 25. Reb1 Rxb1+ 26. Rxb1 Nc6 27.
d5 Qh2+ 28. Kf1 Nge5 29. dxc6 Qxg2+ 30. Ke1 Qh1+ 31. Qf1 Nd3+ 32. Ke2 Qf3# 0-1

[Event "Olomouc Chess Summer 2012 - Open Olomouc"]
[Site "Olomouc (CZE), Hotel Flora"]
[Date "2012.08.07"]
[Round "7.2"]
[White "Sivuk, Vitaly"]
[Black "Narayanan, Srinath"]
[Result "1-0"]
[WhiteElo "2480"]
[BlackElo "2399"]
[PlyCount "125"]
[EventDate "2012.08.02"]

1. d4 Nf6 2. c4 e6 3. Nf3 b6 4. g3 Ba6 5. Qa4 Be7 6. Bg2 O-O 7. O-O c6 8. Nc3
d5 9. Ne5 b5 10. cxb5 cxb5 11. Nxb5 Qe8 12. Nc3 Qxa4 13. Nxa4 Bxe2 14. Re1 Bb5
15. Nc3 Ba6 16. Bd2 Rc8 17. Rac1 Kf8 18. f4 g6 19. g4 Bb7 20. f5 Nc6 21. g5 Nh5
22. fxe6 fxe6 23. Nd7+ Ke8 24. Nc5 Bxc5 25. dxc5 Kd7 26. Nb5 Ba6 27. a4 Ng7 28.
b4 Rcb8 29. Bf4 Bxb5 30. Bxb8 Bxa4 31. Be5 Nf5 32. Ra1 Bb5 33. Bf1 Bxf1 34.
Kxf1 Nxb4 35. Reb1 Nd3 36. Rb7+ Kc8 37. Rxh7 Nxe5 38. Rh8+ Kb7 39. Rb1+ Kc6 40.
Rxa8 Kxc5 41. Rxa7 Nf3 42. Ke2 Nxg5 43. Kd3 Nh3 44. Ra6 Nf4+ 45. Kd2 g5 46. Rg1
Nh3 47. Rc1+ Kd4 48. Rxe6 Nf2 49. Ke2 Ne4 50. Rg1 Ne3 51. h3 Nc3+ 52. Kf3 Ne4
53. Re1 g4+ 54. Ke2 gxh3 55. Rh6 Ng2 56. Rd1+ Ke5 57. Rh5+ Ke6 58. Kf3 Nc3 59.
Ra1 d4 60. Ra6+ Kf7 61. Rh7+ Kg8 62. Rd7 Nh4+ 63. Kg4 1-0

[Event "Olomouc Chess Summer 2012 - Open Olomouc"]
[Site "Olomouc (CZE), Hotel Flora"]
[Date "2012.08.07"]
[Round "7.3"]
[White "Woellermann, Jan"]
[Black "Garcia Roman, Daniel"]
[Result "0-1"]
[WhiteElo "2124"]
[BlackElo "2386"]
[PlyCount "94"]
[EventDate "2012.08.02"]

1. d4 Nf6 2. c4 e6 3. g3 Bb4+ 4. Bd2 c5 5. Bxb4 cxb4 6. Bg2 O-O 7. e4 d6 8. Ne2
e5 9. O-O Nc6 10. a3 bxa3 11. Nxa3 a6 12. Qd3 Qb6 13. Nc2 Bg4 14. f3 Be6 15. b3
a5 16. Kh1 Nb4 17. Qd2 Nxc2 18. Qxc2 exd4 19. Qd3 Nd7 20. Nxd4 Nc5 21. Qc3 Qb4
22. Qxb4 axb4 23. Rab1 Ra2 24. Rfd1 Rfa8 25. Kg1 g5 26. h3 h5 27. f4 gxf4 28.
gxf4 Kh8 29. Kh1 Rg8 30. Rg1 Rg3 31. Bf1 Nxe4 32. f5 h4 33. Rxg3 Nxg3+ 34. Kg1
Bxf5 35. Nxf5 Nxf5 36. Bg2 b6 37. Bd5 Nd4 38. Re1 Ne2+ 39. Kf2 Nf4+ 40. Kf3
Nxd5 41. cxd5 Rd2 42. Re4 Rd3+ 43. Kg4 Rxb3 44. Kxh4 Kg7 45. Kg4 b5 46. h4 Rc3
47. Kg5 Rc4 0-1

[Event "Olomouc Chess Summer 2012 - Open Olomouc"]
[Site "Olomouc (CZE), Hotel Flora"]
[Date "2012.08.07"]
[Round "7.4"]
[White "Bilguun, Sumiya"]
[Black "Dolezal, Radoslav"]
[Result "1-0"]
[WhiteElo "2177"]
[BlackElo "2374"]
[PlyCount "171"]
[EventDate "2012.08.02"]

1. e4 c6 2. d4 Nf6 3. Nd2 d6 4. Ngf3 g6 5. Bd3 Bg7 6. Nf1 e5 7. c3 Qe7 8. dxe5
dxe5 9. Ng3 O-O 10. O-O Rd8 11. Qe2 Nbd7 12. Be3 Nc5 13. Bc2 Ng4 14. Bg5 f6 15.
Bd2 b6 16. Bb3+ Kh8 17. h3 Nh6 18. Be3 Nxb3 19. axb3 Be6 20. Nd2 Nf7 21. Ra2
Rac8 22. Raa1 Rd7 23. Rfd1 Rcd8 24. Ngf1 Nd6 25. f3 Qf7 26. c4 Nc8 27. Rac1 Bf8
28. Nb1 Bb4 29. Nc3 Kg7 30. Rxd7 Rxd7 31. Rd1 Rxd1 32. Nxd1 Qd7 33. Nf2 Be7 34.
Nd3 Nd6 35. Nd2 Nb7 36. Bf2 Na5 37. Kh2 Bd6 38. Bg3 Bf7 39. Bf2 Bc7 40. Ne1 Qd6
41. Nc2 Bd8 42. Qe3 Nb7 43. b4 Bc7 44. Qc3 Qd7 45. Nf1 Nd8 46. b3 Ne6 47. Be3
Qd1 48. Kg1 Nf4 49. Bxf4 exf4 50. Qd2 Qxd2 51. Nxd2 Be5 52. Kf2 Kf8 53. Ke2 Ke7
54. Kd3 Kd6 55. Nb1 a6 56. Nc3 b5 57. Na3 a5 58. Nc2 a4 59. c5+ Kc7 60. bxa4
Bc4+ 61. Kd2 Bf1 62. axb5 Bxg2 63. bxc6 Kxc6 64. Ne1 Bxh3 65. Nd3 Bxc3+ 66.
Kxc3 g5 67. Kd4 Bf1 68. Nf2 h5 69. e5 f5 70. e6 g4 71. Nd3 g3 72. Ne5+ Kc7 73.
e7 Bb5 74. Kd5 Be8 75. b5 g2 76. b6+ Kb7 77. Nc4 Bc6+ 78. Kd6 g1=Q 79. Na5+ Kc8
80. b7+ Kb8 81. Nxc6+ Kxb7 82. e8=Q Qd1+ 83. Ke6 Qb3+ 84. Kf6 Qc3+ 85. Ne5 Qxc5
86. Qxh5 1-0

[Event "Olomouc Chess Summer 2012 - Open Olomouc"]
[Site "Olomouc (CZE), Hotel Flora"]
[Date "2012.08.07"]
[Round "7.5"]
[White "Jasny, Stanislav"]
[Black "Goluch, Piotr"]
[Result "0-1"]
[WhiteElo "2308"]
[BlackElo "2250"]
[PlyCount "98"]
[EventDate "2012.08.02"]

1. c4 Nf6 2. Nc3 e6 3. d4 Bb4 4. e3 Bxc3+ 5. bxc3 c5 6. Bd3 d6 7. Nf3 Nc6 8.
O-O O-O 9. e4 e5 10. d5 Ne7 11. Nh4 h6 12. Qf3 Ng6 13. Nf5 Bxf5 14. Qxf5 Nh7
15. g3 Qc8 16. Rb1 b6 17. Rb2 Qxf5 18. exf5 Ne7 19. f4 Nf6 20. fxe5 dxe5 21.
Re2 Nd7 22. f6 gxf6 23. Bxh6 Rfe8 24. Re4 f5 25. Rxf5 Nxf5 26. Rg4+ Kh7 27.
Bxf5+ Kxh6 28. Bxd7 Red8 29. Bc6 Rac8 30. Re4 f6 31. Kf2 Rc7 32. a4 Re7 33. Re2
f5 34. a5 Kg5 35. axb6 axb6 36. Rb2 Ra7 37. Kf3 e4+ 38. Kg2 Ra3 39. h4+ Kh5 40.
Rf2 Kg6 41. g4 fxg4 42. Rf4 Rxc3 43. Rxe4 Kf5 44. Re7 Rc2+ 45. Kg3 Rc3+ 46. Kg2
Rxc4 47. Rf7+ Kg6 48. Rb7 Rb4 49. Bd7 Ra8 0-1

[Event "Olomouc Chess Summer 2012 - Open Olomouc"]
[Site "Olomouc (CZE), Hotel Flora"]
[Date "2012.08.07"]
[Round "7.6"]
[White "Gagare, Shardul"]
[Black "Sochorova, Petra"]
[Result "1-0"]
[WhiteElo "2287"]
[BlackElo "2214"]
[PlyCount "77"]
[EventDate "2012.08.02"]

1. c4 e5 2. g3 Nc6 3. Bg2 g6 4. Nc3 Bg7 5. Nf3 d6 6. d3 f5 7. O-O Nf6 8. Rb1 h6
9. b4 g5 10. b5 Ne7 11. Nd2 O-O 12. Qb3 c5 13. bxc6 bxc6 14. Ba3 Kh8 15. Qa4
Ne8 16. Rfc1 h5 17. Bxc6 Nxc6 18. Qxc6 Bd7 19. Qg2 Rc8 20. h3 h4 21. g4 Nf6 22.
f3 Bc6 23. gxf5 Bh6 24. Nde4 g4 25. hxg4 Be3+ 26. Kh1 Bxc1 27. Bxc1 Bxe4 28.
Nxe4 Nxe4 29. fxe4 Rb8 30. Rxb8 Qxb8 31. Qf2 Rf7 32. Kh2 Rg7 33. g5 Qb1 34. Be3
Qd1 35. g6 Kg8 36. Bh6 h3 37. Bxg7 Kxg7 38. f6+ Kxg6 39. f7 1-0

[Event "Olomouc Chess Summer 2012 - Open Olomouc"]
[Site "Olomouc (CZE), Hotel Flora"]
[Date "2012.08.07"]
[Round "7.7"]
[White "Nikolaev, Leonid"]
[Black "Chudinovskikh, Alexander M"]
[Result "1/2-1/2"]
[WhiteElo "2271"]
[BlackElo "2248"]
[PlyCount "38"]
[EventDate "2012.08.02"]

1. d4 Nf6 2. Nf3 e6 3. e3 b6 4. Bd3 Bb7 5. O-O d5 6. b3 Nbd7 7. Bb2 g6 8. c4
Bg7 9. cxd5 Nxd5 10. Ba3 c5 11. Nbd2 O-O 12. Rc1 Rc8 13. Ne4 Qe7 14. dxc5 Nxc5
15. Qe2 Nxd3 16. Rxc8 Qxa3 17. Rxf8+ Bxf8 18. Qxd3 Ba6 19. Qd2 Bxf1 1/2-1/2

[Event "Olomouc Chess Summer 2012 - Open Olomouc"]
[Site "Olomouc (CZE), Hotel Flora"]
[Date "2012.08.07"]
[Round "7.9"]
[White "Camarena Gimenez, Rufino"]
[Black "Zavurka, Roman"]
[Result "1-0"]
[WhiteElo "2396"]
[BlackElo "2156"]
[PlyCount "117"]
[EventDate "2012.08.02"]

1. d4 Nf6 2. c4 e6 3. Nf3 b6 4. g3 Bb7 5. Bg2 Bb4+ 6. Bd2 Qe7 7. O-O O-O 8. Bg5
h6 9. Bxf6 Qxf6 10. Qc2 Bxf3 11. Bxf3 c6 12. d5 exd5 13. cxd5 cxd5 14. a3 Ba5
15. Nd2 Bxd2 16. Qxd2 Nc6 17. Bxd5 Rac8 18. Rac1 Qd4 19. Rcd1 Qxd2 20. Rxd2
Rfe8 21. Rfd1 Ne5 22. e3 Rc7 23. Kg2 Re7 24. h3 Kf8 25. b3 Ke8 26. f4 Ng6 27.
e4 Rc3 28. Rd3 Rc2+ 29. R1d2 Rc1 30. e5 Nf8 31. b4 f6 32. exf6 gxf6 33. Bf3
Ree1 34. Bh5+ Ke7 35. h4 f5 36. Bd1 Ra1 37. Kf2 Rh1 38. Ke3 Rg1 39. Kd4 Re1 40.
Kc4 a6 41. Kb3 Rc1 42. Bc2 Re6 43. Rc3 Kf6 44. Rd5 Kg7 45. Rxf5 Re2 46. g4 Rh1
47. Rc8 Ne6 48. Rd5 Rh3+ 49. Kb2 Nxf4 50. Rxd7+ Kf6 51. Rc6+ Re6 52. Rdd6 Rxh4
53. Rxe6+ Nxe6 54. Bf5 Rh2+ 55. Kc3 Re2 56. Rxb6 Ke7 57. Rxe6+ Rxe6 58. Bxe6
Kxe6 59. Kc4 1-0

[Event "Olomouc Chess Summer 2012 - Open Olomouc"]
[Site "Olomouc (CZE), Hotel Flora"]
[Date "2012.08.07"]
[Round "7.10"]
[White "Miturova, Magdalena"]
[Black "Piscopo, Pierluigi"]
[Result "1/2-1/2"]
[WhiteElo "2139"]
[BlackElo "2364"]
[PlyCount "68"]
[EventDate "2012.08.02"]

1. e4 c5 2. Nf3 Nc6 3. d4 cxd4 4. Nxd4 Nf6 5. Nc3 e5 6. Ndb5 d6 7. Bg5 a6 8.
Na3 b5 9. Nd5 Be7 10. Bxf6 Bxf6 11. c4 bxc4 12. Nxc4 O-O 13. Bd3 Be6 14. Nce3
Rb8 15. b3 Bg5 16. O-O a5 17. Bc4 Bxe3 18. Nxe3 Nd4 19. Qd3 a4 20. Nd5 Kh8 21.
Kh1 f5 22. f3 f4 23. Rab1 axb3 24. axb3 g5 25. Nc3 Qd7 26. Ne2 Nxe2 27. Qxe2
Rb4 28. Rfd1 Rfb8 29. Rbc1 g4 30. Bxe6 Qxe6 31. Rc6 R8b6 32. Rxb6 Rxb6 33. fxg4
Qxb3 34. g5 Qe6 1/2-1/2

[Event "Olomouc Chess Summer 2012 - Open Olomouc"]
[Site "Olomouc (CZE), Hotel Flora"]
[Date "2012.08.07"]
[Round "7.11"]
[White "Kireev, Aleksei"]
[Black "Soban, Jaroslav"]
[Result "1/2-1/2"]
[WhiteElo "2345"]
[BlackElo "2150"]
[PlyCount "64"]
[EventDate "2012.08.02"]

1. d4 f5 2. Nf3 Nf6 3. Bg5 e6 4. Nbd2 Be7 5. Bxf6 Bxf6 6. e4 fxe4 7. Nxe4 O-O
8. Bd3 Nc6 9. c3 d5 10. Nxf6+ Qxf6 11. Qe2 a6 12. O-O Bd7 13. Rae1 Rae8 14. Qc2
g6 15. Ne5 Nxe5 16. Rxe5 c5 17. f4 cxd4 18. cxd4 Rc8 19. Qe2 Rf7 20. g3 Qd8 21.
Qe3 Qb6 22. Rf2 Rf6 23. h4 Bb5 24. Bxb5 axb5 25. Re2 Rc4 26. b3 Rc6 27. g4 Qc7
28. g5 Rf7 29. Qg3 Rc1+ 30. Kg2 Rc2 31. Rxc2 Qxc2+ 32. Kh3 Rc7 1/2-1/2

[Event "Olomouc Chess Summer 2012 - Open Olomouc"]
[Site "Olomouc (CZE), Hotel Flora"]
[Date "2012.08.07"]
[Round "7.12"]
[White "Kubik, Michael"]
[Black "Piankov, Evgenij"]
[Result "0-1"]
[WhiteElo "2134"]
[BlackElo "2338"]
[PlyCount "72"]
[EventDate "2012.08.02"]

1. e4 c6 2. d4 d5 3. e5 g6 4. f4 h5 5. Be3 Nh6 6. Nf3 Bg4 7. h3 Nf5 8. Bf2 Bxf3
9. Qxf3 Qb6 10. Nc3 e6 11. O-O-O h4 12. Bd3 Nd7 13. Rhg1 Bb4 14. Bxf5 exf5 15.
a3 Be7 16. e6 fxe6 17. Rge1 Nf8 18. Na4 Qc7 19. Nc5 Kf7 20. Rd3 Bd6 21. Rb3 b6
22. Nd3 Nd7 23. Rc3 Nf6 24. Ne5+ Bxe5 25. fxe5 Ne4 26. Rce3 Rag8 27. R3e2 Ke8
28. Be3 g5 29. Bd2 Kd7 30. Qb3 g4 31. hxg4 Rxg4 32. Bb4 Rhg8 33. Bd6 Qb7 34.
Qb4 Qa6 35. Bf8 c5 36. dxc5 Nxc5 0-1

[Event "Olomouc Chess Summer 2012 - Open Olomouc"]
[Site "Olomouc (CZE), Hotel Flora"]
[Date "2012.08.07"]
[Round "7.13"]
[White "Ageichenko, Genadi A"]
[Black "Maly, Marek"]
[Result "1-0"]
[WhiteElo "2329"]
[BlackElo "2107"]
[PlyCount "65"]
[EventDate "2012.08.02"]

1. e4 e6 2. d4 d5 3. Nc3 dxe4 4. Nxe4 Nd7 5. Nf3 Ngf6 6. Bd3 Be7 7. Qe2 Nxe4 8.
Bxe4 Nf6 9. Bxb7 Bxb7 10. Qb5+ Qd7 11. Qxb7 O-O 12. O-O a5 13. Qb3 Nd5 14. Qc4
Bd6 15. Bd2 Rfb8 16. Rab1 Rb6 17. c3 Rab8 18. b3 Qe7 19. Qd3 c5 20. Be3 a4 21.
Qc4 Rb5 22. Bd2 Qa7 23. dxc5 Bxc5 24. b4 Be7 25. Nd4 R5b6 26. Nc6 Qc7 27. b5
Ra8 28. Qd3 Bf6 29. c4 Ne7 30. Nxe7+ Bxe7 31. Be3 Bc5 32. Rfd1 Rd6 33. Bf4 1-0